Ríos de España - Estadísticas

Estadísticas generales
  • Esta prueba ha sido intentada 1.768 veces
  • La puntuación promedio es 20 de 101
Estadísticas de respuestas
Hint Respuesta % Correcto
Ebro
94%
Guadalquivir
94%
Tajo
93%
Guadiana
88%
Duero
86%
Miño
85%
Segura
71%
Júcar
66%
Turia
50%
Llobregat
49%
Sil
48%
Ter
47%
Nalón
46%
Nervión
46%
Pisuerga
42%
Bidasoa
41%
Eo
41%
Tormes
34%
Navia
33%
Guadalhorce
30%
Jarama
30%
Genil
29%
Tinto
29%
Sella
28%
Esla
26%
Guadalete
26%
Jalón
25%
Odiel
23%
Aragón
22%
Segre
21%
Gállego
19%
Tambre
18%
Ulla
18%
Guadarrama
17%
Henares
17%
Deva
16%
Pas
16%
Alagón
14%
Mundo
14%
Cabriel
13%
Cinca
12%
Alberche
11%
Besaya
11%
Guadiana Menor
11%
Mijares
11%
Tajuña
11%
Almanzora
10%
Cigüela
10%
Fluviá
10%
Guadalfeo
10%
Guadalimar
10%
Jabalón
10%
Tiétar
10%
Barbate
9%
Eresma
9%
Záncara
9%
Adaja
8%
Carrión
8%
Guadalentín o Reguerón
8%
Ibaizábal
8%
Almonte
7%
Arga
7%
Arlanzón
7%
Asón
7%
Eume
7%
Guadiaro
7%
Jiloca
7%
Valderaduey
7%
Andara
6%
Vertiente Oeste Atlántica
6%
Vertiente norte Cantábrica
6%
Guadiato,
6%
Jándula
6%
Vertiente Sur Mediterránea
6%
Nansa
6%
Noguera Ribagorzana
6%
Órbigo
6%
Guadajoz
5%
Guadiela
5%
Huerva
5%
Magro
5%
Miera
5%
Zúcar
5%
Guadaíra
4%
Guadalope
4%
Lerez
4%
Noguera Palleresa
4%
Viar
4%
Águeda
3%
Guadalupe
3%
Salor
3%
Adra
2%
Matachel
2%
Tera
2%
Bembézar,
1%
Cordobes
1%
Huebra
1%
Nacea
1%
Rivera de Huelva
1%
Sangonera
1%
Valdemembra
0%
No se encontraron pruebas coincidentes
Distribución de puntuación
Porcentaje de gente con cada puntuación
Porcentaje por número respondido
Historial de tus puntuaciones
No has intentado esta prueba.